000 00514nam a22001577a 4500
003 macl
005 20200623152332.0
008 200623b xxu||||| |||| 00| 0 eng d
040 _cmacl
082 _a900
100 _aतिवारी, अरविन्‍द
_978742
245 _aसुभाष चन्‍द्र बोस; लेख एवं विचार
260 _aदिल्‍ली
_bतेजस बुक डिपो
_c2019
650 _aइतिहास
_978743
942 _2ddc
_cHIN
999 _c62484
_d62484